Měření výstupu vzdělávacích služeb

Pojem netrhové služby. Odhad indikátorov založených na výstupe pre defláciu netrhových služieb zo zameraním na vývoj celkovej produkcie vzdelávacích služieb.

Guardado en:
Detalles Bibliográficos
Autor principal: Musil, Petr
Otros Autores: Fischer, Jakub
Formato: Capítulo de libro
Lenguaje:checo
Materias:
Etiquetas: Agregar Etiqueta
Sin Etiquetas, Sea el primero en etiquetar este registro!

MARC

LEADER 00000naa a2200000 4500
001 0205415
005 20231207125934.7
041 0 |a cze 
044 |a CZ 
245 1 0 |a Měření výstupu vzdělávacích služeb  |c Petr Musil, Jakub Fischer 
520 |a Pojem netrhové služby. Odhad indikátorov založených na výstupe pre defláciu netrhových služieb zo zameraním na vývoj celkovej produkcie vzdelávacích služieb. 
610 2 0 |a služby znalostné 
610 2 0 |a Česko 
610 2 0 |a školy 
610 2 0 |a výkonnosť 
100 1 |a Musil, Petr 
700 1 |a Fischer, Jakub